000 01081nam a2200265Ia 4500
003 OSt
005 20220918110920.0
006 a|||||r|||| 00| 0
007 ta
008 220915b |||||||| |||| 00| 0 hin d
020 _a81710166446 (hbk)
_c450
024 _a279846
037 _b143, 30/08/2012, Eastern Book Linkers
_cReference Collections
040 _aARTS
_cARTS
_bhin
041 _2hin
_ahin
082 _aO1,3(A)k, 152Q0.1-.2(RR)
100 _aप्रसाद, शुकदेव, संपा.
_910182
245 0 _aभारतीय विज्ञान कथाएं
246 _aBhāratīya vijnyān kathāean
260 _aनई दिल्ली
_bकिताबघर प्रकाशन भारत
_c2010
490 _vखंड 1
_achaloha 'krh dk foKku fo'odks'k
650 _aहिन्दी साहित्य
942 _hO1,3(A)k, 152Q0.1-.2(RR)
_cREF
999 _c115700
_d115700